000 01723nam0a2200337 4500
001 RU\NLR\bibl\1728333
005 20250616074834.0
010 _a978-5-94485-148-2
_9100
021 _aRU
_b2010-102035
_96898
035 _a(NLR Aleph) 001719295
090 _a1329460
_c1329460
100 _a20110128d2010 |||y0rusy50 ca
101 0 _arus
102 _aRU
105 _aa |||||||||
200 1 _aВлияние природных и антропогенных факторов на техническое состояние межхозяйственных водопроводов
_eмонография
_fС.В. Макарычев, А.В. Скрипник, В.И. Заносова
_gМ-во сел. хоз-ва Рос. Федерации, Федерал. гос. образоват. учреждение высш. проф. образования "Алт. гос. аграр. ун-т"
210 _aБарнаул
_cИзд-во АГАУ
_d2010
215 _a131 с.
_cил.
_d21
320 _aБиблиогр.: с. 117-131 (180 назв.)
606 1 _aВодоснабжение сельское
_yАлтайский край
_92093767
_3RU\NLR\auth\661570562
606 1 _aВодопровод групповой в сельском хозяйстве
_91278012
_3RU\NLR\auth\66208956
686 _aН761.15
700 1 _aМакарычев
_bС. В.
_gСергей Владимирович
_4070
701 1 _aСкрипник
_bА. В.
_gАлексей Викторович
_4070
701 1 _aЗаносова
_bВ. И.
_gВалентина Ивановна
_4070
801 0 _aRU
_bNLR
_c20110128
_gRCR
801 1 _aRU
_bNLR
_c20110128
830 _aавт. по кн.
942 _cBOOK
980 _aNB